00369nam a22001337a 450000500170000000800410001704100130005808200130007110000130008424500350009726000470013230000300017965000260020920240724133825.0240724b |||||||| |||| 00| 0 eng d aEnglish  a349 SOU  lEnglish  aThe South African Law Reports  aCape Town: bJuta and Company Ltd, c1925  bxii, 581 pages; c25 cm.  aLegal practice bLaw